Physical education 1 : (Record no. 2496)
[ view plain ]
| 000 -LEADER | |
|---|---|
| fixed length control field | 00566nam a22001817a 4500 |
| 003 - CONTROL NUMBER IDENTIFIER | |
| control field | OSt |
| 005 - DATE AND TIME OF LATEST TRANSACTION | |
| control field | 20240722024435.0 |
| 008 - FIXED-LENGTH DATA ELEMENTS--GENERAL INFORMATION | |
| fixed length control field | 240722b |||||||| |||| 00| 0 eng d |
| 020 ## - INTERNATIONAL STANDARD BOOK NUMBER | |
| International Standard Book Number | 978-621-406-158-7 |
| 040 ## - CATALOGING SOURCE | |
| Original cataloging agency | DWC- Main Lib |
| Transcribing agency | OC |
| 082 ## - DEWEY DECIMAL CLASSIFICATION NUMBER | |
| Classification number | Fil. 631.07078 C591p 2018 |
| 100 ## - MAIN ENTRY--PERSONAL NAME | |
| Personal name | Claravall, Drolly |
| 245 ## - TITLE STATEMENT | |
| Title | Physical education 1 : |
| Remainder of title | movement enhancement / |
| Statement of responsibility, etc. | Drolly Claravall. |
| 260 ## - PUBLICATION, DISTRIBUTION, ETC. | |
| Place of publication, distribution, etc. | Recoletos St. , Manila : |
| Name of publisher, distributor, etc. | Mindshapers Co. Inc, |
| Date of publication, distribution, etc. | c2018. |
| 300 ## - PHYSICAL DESCRIPTION | |
| Extent | vii , 105 pages ; |
| Dimensions | 23cm. |
| 650 ## - SUBJECT ADDED ENTRY--TOPICAL TERM | |
| Topical term or geographic name entry element | 1. Movement enhancement |
| 942 ## - ADDED ENTRY ELEMENTS (KOHA) | |
| Source of classification or shelving scheme | Dewey Decimal Classification |
| Koha item type | Book-Filipiniana |
| Suppress in OPAC | Yes |
| 952 ## - LOCATION AND ITEM INFORMATION (KOHA) | |
| -- | |
| 952 ## - LOCATION AND ITEM INFORMATION (KOHA) | |
| -- | |
| Withdrawn status | Lost status | Source of classification or shelving scheme | Damaged status | Not for loan | Home library | Current library | Date acquired | Source of acquisition | Cost, normal purchase price | Total Checkouts | Full call number | Barcode | Date last seen | Copy number | Price effective from | Koha item type | Uniform Resource Identifier |
|---|---|---|---|---|---|---|---|---|---|---|---|---|---|---|---|---|---|
| Dewey Decimal Classification | College Library | College Library | 08/09/2019 | School Fund | 595.00 | Fil. 631.07078 C591p 2018 | 52125 | 07/22/2024 | c1 | 07/22/2024 | BK - FIL | ||||||
| Dewey Decimal Classification | College Library | College Library | 08/09/2019 | School Fund | 595.00 | Fil. 631.07078 C591p 2018 | 52126 | 07/22/2024 | c2 | 07/22/2024 | BK - FIL |